[Event "Sardinia World Festival-A 2024"]
[Site "Orosei"]
[Date "2024.05.04"]
[Round "9.25"]
[White "Citak, Selim"]
[Black "Stoyanov, Tsvetan"]
[Result "0-1"]
[WhiteElo "2327"]
[BlackElo "2473"]
[Annotator "TA"]
[PlyCount "82"]
[EventDate "2024.04.26"]
[EventType "swiss"]
[EventCountry "ITA"]
[SourceTitle "playchess.com"]
[Source "ChessBase"]
[SourceQuality "1"]

1. d4 Nf6 2. c4 b6 3. Nc3 Bb7 4. Qc2 d5 5. cxd5 Nxd5 6. e4 Nxc3 7. bxc3 e6 8. Nf3 Be7 9. Bb5+ c6 10. Bd3 c5 11. Bb5+ Bc6 12. a4 O-O 13. O-O Qc8 14. Qe2 Bb7 15. Bd2 Nd7 16. Rfe1 Qc7 17. Bd3 Rfe8 18. e5 Nf8 19. Ng5 cxd4 20. cxd4 Red8 21. Qg4 Qd7 22. Be3 Rac8 23. Ne4 Ng6 24. Qh5 Qd5 25. f3 Qb3 26. Nf2 Rc3 27. Reb1 Qd5 28. a5 Ba6 29. Be4 Qc4 30. axb6 axb6 31. Ng4 Ra3 32. Rxa3 Bxa3 33. Bxg6 fxg6 34. Qh4 Rc8 35. Qe1 b5 36. Nf2 b4 37. Ne4 Qc2 38. Nc5 Bc4 39. Qd1 b3 40. h4 Qxd1+ 41. Rxd1 b2 0-1

[Event "Sardinia World Festival-A 2024"]
[Site "Orosei"]
[Date "2024.05.04"]
[Round "9.26"]
[White "Fromm, Marius"]
[Black "Dalaud, Dorian"]
[Result "1-0"]
[WhiteElo "2454"]
[BlackElo "2307"]
[Annotator "TA"]
[PlyCount "79"]
[EventDate "2024.04.26"]
[EventType "swiss"]
[EventCountry "ITA"]
[SourceTitle "playchess.com"]
[Source "ChessBase"]
[SourceQuality "1"]

1. e4 e5 2. Nf3 Nc6 3. Bc4 Nf6 4. d3 d5 5. exd5 Nxd5 6. O-O Nb6 7. Bb3 Bg4 8. Re1 Qe7 9. a4 a5 10. h3 Bh5 11. Be3 O-O-O 12. Bxb6 cxb6 13. Na3 f6 14. Nb5 f5 15. Qe2 Qf6 16. Qe3 Bc5 17. Qg5 Bxf3 18. Qxf6 gxf6 19. gxf3 Rhe8 20. Rad1 Re7 21. c3 Kb8 22. Kf1 Rg7 23. f4 exf4 24. d4 Be7 25. Re6 f3 26. Re3 Na7 27. Rde1 Bf8 28. Nxa7 Kxa7 29. Rxf3 Rg5 30. Bc2 Rg7 31. Rxf5 Be7 32. Rh5 Rh8 33. Re4 Bd6 34. Rh6 Be7 35. Bd3 f5 36. Re5 Bg5 37. Rhe6 f4 38. Rb5 Bd8 39. Be4 Rhg8 40. Ke2 1-0

[Event "Sardinia World Festival-A 2024"]
[Site "Orosei"]
[Date "2024.05.04"]
[Round "9.27"]
[White "Fiedorek, Michal"]
[Black "Olsen, Filip Boe"]
[Result "1/2-1/2"]
[WhiteElo "2310"]
[BlackElo "2440"]
[Annotator "TA"]
[PlyCount "38"]
[EventDate "2024.04.26"]
[EventType "swiss"]
[EventCountry "ITA"]
[SourceTitle "playchess.com"]
[Source "ChessBase"]
[SourceQuality "1"]

1. e4 c6 2. Nc3 d5 3. Nf3 dxe4 4. Nxe4 Nf6 5. Qe2 Na6 6. Nxf6+ gxf6 7. c3 Qd5 8. h3 Bh6 9. Qc4 Nc5 10. Qxd5 cxd5 11. d4 Bxc1 12. Rxc1 Ne4 13. Bd3 Nd6 14. Nh4 Bd7 15. O-O Bb5 16. Bxb5+ Nxb5 17. Nf5 Kd7 18. Rfe1 e6 19. a4 Nd6 1/2-1/2

[Event "Sardinia World Festival-A 2024"]
[Site "Orosei"]
[Date "2024.05.04"]
[Round "9.28"]
[White "Bettalli, Francesco"]
[Black "Trost, Edvin"]
[Result "0-1"]
[WhiteElo "2309"]
[BlackElo "2434"]
[Annotator "TA"]
[PlyCount "60"]
[EventDate "2024.04.26"]
[EventType "swiss"]
[EventCountry "ITA"]
[SourceTitle "playchess.com"]
[Source "ChessBase"]
[SourceQuality "1"]

1. e4 c5 2. Ne2 Nc6 3. d4 cxd4 4. Nxd4 e5 5. Nb5 d6 6. c4 g6 7. h4 a6 8. N5c3 Nf6 9. Be2 Nd4 10. Be3 Bg7 11. h5 O-O 12. Na3 Nxe2 13. Qxe2 Nxh5 14. O-O-O Nf4 15. Qf3 h5 16. Rd2 Bg4 17. Qg3 Be6 18. Rhd1 b5 19. cxb5 axb5 20. Ncxb5 Bxa2 21. b4 Bb3 22. Re1 Bc4 23. Rxd6 Qe8 24. Bxf4 exf4 25. Qg5 Bxb5 26. Nxb5 Ra1+ 27. Kd2 Rxe1 28. Kxe1 Qxe4+ 29. Kf1 Qb1+ 30. Ke2 Re8+ 0-1

[Event "Sardinia World Festival-A 2024"]
[Site "Orosei"]
[Date "2024.05.04"]
[Round "9.29"]
[White "Degraeve, Remy"]
[Black "Perossa, Nicolas"]
[Result "0-1"]
[WhiteElo "2432"]
[BlackElo "2269"]
[Annotator "TA"]
[PlyCount "80"]
[EventDate "2024.04.26"]
[EventType "swiss"]
[EventCountry "ITA"]
[SourceTitle "playchess.com"]
[Source "ChessBase"]
[SourceQuality "1"]

1. d4 Nf6 2. c4 g6 3. Nc3 Bg7 4. e4 d6 5. Nf3 O-O 6. Be2 e5 7. O-O h6 8. Re1 a5 9. a3 exd4 10. Nxd4 Re8 11. f3 c6 12. Kh1 Nbd7 13. Be3 Nc5 14. Qd2 Kh7 15. b4 Ne6 16. Rad1 axb4 17. axb4 Ra3 18. Qb2 Ra8 19. Qd2 Ra3 20. Qc1 Ra8 21. e5 Nxd4 22. Bxd4 dxe5 23. Bc5 Qc7 24. Qe3 Be6 25. Bd6 Qc8 26. Bxe5 Bf5 27. Qd4 Rxe5 28. Qxe5 Ne4 29. Qxg7+ Kxg7 30. fxe4 Be6 31. e5 Qc7 32. Rd6 Qb6 33. Red1 Qxb4 34. Ne4 Ra5 35. Nf6 Rxe5 36. Ne8+ Kf8 37. Nf6 Qxd6 38. Rxd6 Rxe2 39. Rd1 Bxc4 40. h4 Kg7 0-1

[Event "Sardinia World Festival-A 2024"]
[Site "Orosei"]
[Date "2024.05.04"]
[Round "9.30"]
[White "Casadio, Niccolo`"]
[Black "Lumachi, Gabriele"]
[Result "1/2-1/2"]
[WhiteElo "2309"]
[BlackElo "2413"]
[Annotator "TA"]
[PlyCount "88"]
[EventDate "2024.04.26"]
[EventType "swiss"]
[EventCountry "ITA"]
[SourceTitle "playchess.com"]
[Source "ChessBase"]
[SourceQuality "1"]

1. e4 c5 2. Nf3 Nc6 3. d4 cxd4 4. Nxd4 g6 5. c4 Bg7 6. Be3 Nf6 7. Nc3 d6 8. Be2 O-O 9. O-O Bd7 10. h3 Nxd4 11. Bxd4 Bc6 12. Qc2 a5 13. Rad1 a4 14. Rfe1 Qa5 15. Bf1 Nd7 16. Bxg7 Kxg7 17. Nd5 Rfe8 18. Re3 Bxd5 19. exd5 Nc5 20. h4 h5 21. Be2 e5 22. dxe6 Rxe6 23. Rxe6 Nxe6 24. Rxd6 a3 25. bxa3 Qe5 26. Rd2 Qa1+ 27. Bd1 Rxa3 28. Qb2+ Qxb2 29. Rxb2 Rc3 30. Bf3 Rc1+ 31. Kh2 Rxc4 32. g3 Nc5 33. Bxb7 Nxb7 34. Rxb7 Rc2 35. Kg2 Rxa2 36. Rc7 Ra6 37. Rb7 Re6 38. Ra7 Kf6 39. Rb7 Rd6 40. Ra7 Ke6 41. Rb7 Ra6 42. Rc7 Rd6 43. Ra7 Rb6 44. Rc7 Rd6 1/2-1/2

[Event "Sardinia World Festival-A 2024"]
[Site "Orosei"]
[Date "2024.05.04"]
[Round "9.33"]
[White "Deveci, Huseyin Said"]
[Black "Bronstein, Or"]
[Result "0-1"]
[WhiteElo "2255"]
[BlackElo "2458"]
[Annotator "TA"]
[PlyCount "72"]
[EventDate "2024.04.26"]
[EventType "swiss"]
[EventCountry "ITA"]
[SourceTitle "playchess.com"]
[Source "ChessBase"]
[SourceQuality "1"]

1. e4 e6 2. d4 d5 3. Nd2 c5 4. Ngf3 cxd4 5. Nxd4 Nc6 6. Bb5 Bd7 7. Nxc6 bxc6 8. Bd3 Qc7 9. Qe2 Ne7 10. exd5 cxd5 11. c4 Ng6 12. O-O Nf4 13. Qf3 Nxd3 14. Qxd3 Bc6 15. Re1 O-O-O 16. c5 Bxc5 17. Nf3 Qb6 18. Qc2 d4 19. b4 Bxb4 20. Bd2 d3 21. Qc4 Bxd2 22. Nxd2 Qb5 23. Qg4 h5 24. Qg3 h4 25. Qg4 Qf5 26. Qb4 Qd5 27. Nf3 Rd7 28. Rec1 d2 29. Rd1 Qe4 30. Qb2 Rh6 31. Rxd2 Rg6 32. Rc2 Rxg2+ 33. Kh1 Qxf3 34. Rxc6+ Qxc6 35. Rc1 Rd1+ 36. Rxd1 Rxf2+ 0-1

[Event "Sardinia World Festival-A 2024"]
[Site "Orosei"]
[Date "2024.05.04"]
[Round "9.34"]
[White "Levin, Guy"]
[Black "Lacan Rus, David"]
[Result "1-0"]
[WhiteElo "2451"]
[BlackElo "2214"]
[Annotator "TA"]
[PlyCount "83"]
[EventDate "2024.04.26"]
[EventType "swiss"]
[EventCountry "ITA"]
[SourceTitle "playchess.com"]
[Source "ChessBase"]
[SourceQuality "1"]

1. e4 c5 2. Nf3 Nc6 3. Bb5 g6 4. O-O Bg7 5. Nc3 Nd4 6. Nxd4 cxd4 7. Ne2 e6 8. c3 a6 9. Bd3 dxc3 10. dxc3 Ne7 11. Bf4 d5 12. Bg5 O-O 13. exd5 exd5 14. Bc2 Re8 15. Re1 h6 16. Bh4 Qd6 17. Bg3 Qc5 18. Nd4 Bd7 19. Qd2 Rac8 20. Be5 Nc6 21. Nb3 Qc4 22. Bd3 Qg4 23. h3 Qh5 24. Bxg7 Kxg7 25. Be2 Qg5 26. Qxg5 hxg5 27. Bf3 Ne7 28. Re3 Bc6 29. Rae1 Rc7 30. Nd4 Kf6 31. Bg4 Kg7 32. Re5 Kf6 33. Nf3 Rd8 34. Nxg5 d4 35. cxd4 Rxd4 36. Rxe7 Rxe7 37. Nh7+ Kg7 38. Rxe7 Kxh7 39. Rxf7+ Kg8 40. Re7 Kf8 41. Re3 Kf7 42. Bf3 1-0

[Event "Sardinia World Festival-A 2024"]
[Site "Orosei"]
[Date "2024.05.04"]
[Round "9.35"]
[White "Harish, Neeraj"]
[Black "Kochavi, Ori"]
[Result "1/2-1/2"]
[WhiteElo "2213"]
[BlackElo "2406"]
[Annotator "TA"]
[PlyCount "64"]
[EventDate "2024.04.26"]
[EventType "swiss"]
[EventCountry "ITA"]
[SourceTitle "playchess.com"]
[Source "ChessBase"]
[SourceQuality "1"]

1. e4 c6 2. d4 d5 3. e5 Bf5 4. h4 h6 5. g4 Be4 6. f3 Bh7 7. e6 Nf6 8. exf7+ Kxf7 9. Bd3 c5 10. c3 Nc6 11. g5 Bxd3 12. Qxd3 hxg5 13. Nh3 gxh4 14. Ng5+ Kg8 15. Bf4 Qd7 16. Na3 Rc8 17. Nc2 e6 18. O-O-O cxd4 19. Nxd4 Nxd4 20. Qxd4 Bc5 21. Qe5 Rc6 22. Qe1 h3 23. Be5 Ra6 24. Bxf6 gxf6 25. Ne4 Qc7 26. Nxc5 Qxc5 27. Qg3+ Kf7 28. Rhg1 Rf8 29. Qg7+ Ke8 30. Qxb7 Qc6 31. Qxc6+ Rxc6 32. Rg3 Rh8 1/2-1/2

[Event "Sardinia World Festival-A 2024"]
[Site "Orosei"]
[Date "2024.05.04"]
[Round "9.36"]
[White "Kanov, Nikola"]
[Black "Orujov, Farid"]
[Result "1/2-1/2"]
[WhiteElo "2423"]
[BlackElo "2258"]
[Annotator "TA"]
[PlyCount "155"]
[EventDate "2024.04.26"]
[EventType "swiss"]
[EventCountry "ITA"]
[SourceTitle "playchess.com"]
[Source "ChessBase"]
[SourceQuality "1"]

1. e4 c5 2. Nf3 d6 3. d4 cxd4 4. Nxd4 Nf6 5. Nc3 a6 6. Be3 e5 7. Nb3 Be6 8. Be2 Be7 9. O-O O-O 10. Bf3 Nbd7 11. a4 Nb6 12. Nd2 Rc8 13. a5 Nc4 14. Nxc4 Bxc4 15. Re1 Qd7 16. Na4 Bd8 17. Nb6 Bxb6 18. Bxb6 Be6 19. h3 Qc6 20. Rc1 Nd7 21. Be3 Nc5 22. Bd2 Rfd8 23. b3 d5 24. exd5 Bxd5 25. Bxd5 Rxd5 26. Qe2 Ne6 27. c4 Rd7 28. Be3 f6 29. b4 Nd4 30. Qb2 Qa4 31. Ra1 Qc6 32. Rac1 Qa4 33. f4 Nc6 34. Bd2 Nd4 35. Be3 Nc6 36. Bd2 Nd4 37. fxe5 fxe5 38. Be3 Rd6 39. Bf2 Rg6 40. Kh2 Qb3 41. Qxb3 Nxb3 42. Rc3 Nd4 43. Rxe5 Nc6 44. Rf5 Rf6 45. Rxf6 gxf6 46. Bh4 Kf7 47. Rf3 Nxb4 48. Rxf6+ Kg8 49. Rb6 Rxc4 50. Be1 Nd3 51. Bg3 Nc5 52. Bf2 Rc2 53. Be3 Rc3 54. Bg1 Kf7 55. Rh6 Kg8 56. Rh5 Ne6 57. Rf5 Rb3 58. Rf6 Nd8 59. Bb6 Nc6 60. Rd6 Rb5 61. Rd7 Nxa5 62. Bxa5 Rxa5 63. Rxb7 Ra3 64. h4 a5 65. Ra7 a4 66. g4 Ra1 67. Kg3 a3 68. g5 h6 69. gxh6 a2 70. Kg2 Kh8 71. h7 Rb1 72. Rxa2 Kxh7 73. Ra5 Rb3 74. Rg5 Kh6 75. Rg3 Rxg3+ 76. Kxg3 Kh5 77. Kf4 Kxh4 78. Ke4 1/2-1/2

[Event "Sardinia World Festival-A 2024"]
[Site "Orosei"]
[Date "2024.05.04"]
[Round "9.37"]
[White "Loftgaard, Mikkel Vinh"]
[Black "Vantika Agrawal"]
[Result "1/2-1/2"]
[WhiteElo "2227"]
[BlackElo "2398"]
[Annotator "RC"]
[PlyCount "68"]
[EventDate "2024.04.26"]
[EventType "swiss"]
[EventCountry "ITA"]
[SourceTitle "playchess.com"]
[Source "ChessBase"]
[SourceQuality "1"]

1. e4 c5 2. Nf3 Nc6 3. c3 Nf6 4. e5 Nd5 5. d4 cxd4 6. cxd4 d6 7. Bc4 Nb6 8. Bb3 dxe5 9. d5 Na5 10. Nc3 Nxb3 11. Qxb3 e6 12. dxe6 Bxe6 13. Qb5+ Qd7 14. Nxe5 Qxb5 15. Nxb5 Bb4+ 16. Ke2 Rc8 17. Be3 f6 18. Nd4 Bd5 19. Nd3 Be7 20. Rhc1 Kf7 21. Nf5 Rhd8 22. Nxe7 Kxe7 23. Rxc8 Rxc8 24. b3 g5 25. f3 Rc2+ 26. Bd2 Be6 27. Nb4 Rc8 28. Rc1 Rxc1 29. Bxc1 a5 30. Nc2 a4 31. bxa4 Nxa4 32. a3 h5 33. Bd2 h4 34. g3 hxg3 1/2-1/2

[Event "Sardinia World Festival-A 2024"]
[Site "Orosei"]
[Date "2024.05.04"]
[Round "9.39"]
[White "Morros Faura, Ricard"]
[Black "Szwed, Jacek"]
[Result "0-1"]
[WhiteElo "2177"]
[BlackElo "2336"]
[Annotator "TA"]
[PlyCount "58"]
[EventDate "2024.04.26"]
[EventType "swiss"]
[EventCountry "ITA"]
[SourceTitle "playchess.com"]
[Source "ChessBase"]
[SourceQuality "1"]

1. d4 Nf6 2. Bg5 d5 3. Bxf6 exf6 4. e3 Bd6 5. g3 h5 6. c4 dxc4 7. Bg2 c6 8. Ne2 Qa5+ 9. Nec3 Be6 10. Nd2 Nd7 11. Qe2 Nb6 12. h3 Kf8 13. a4 Re8 14. O-O h4 15. Nde4 Be7 16. Nc5 Bxc5 17. dxc5 Qxc5 18. Ne4 Qe7 19. a5 Nd5 20. g4 f5 21. gxf5 Bxf5 22. f3 Rh6 23. Kh1 Rg6 24. Rae1 Qe6 25. Nc5 Qc8 26. Qxc4 Bxh3 27. Re2 Bxg2+ 28. Rxg2 Rxg2 29. Qxh4 Rg6 0-1

[Event "Sardinia World Festival-A 2024"]
[Site "Orosei"]
[Date "2024.05.04"]
[Round "9.40"]
[White "Kairbekova, Amina"]
[Black "Lohia, Sohum"]
[Result "1/2-1/2"]
[WhiteElo "2204"]
[BlackElo "2316"]
[Annotator "TA"]
[PlyCount "89"]
[EventDate "2024.04.26"]
[EventType "swiss"]
[EventCountry "ITA"]
[SourceTitle "playchess.com"]
[Source "ChessBase"]
[SourceQuality "1"]

1. e4 e5 2. Nf3 Nc6 3. Bb5 g6 4. c3 a6 5. Bxc6 dxc6 6. d4 exd4 7. cxd4 Bg7 8. Nc3 Bg4 9. Be3 Ne7 10. h3 Bxf3 11. gxf3 Qd7 12. Qd2 O-O-O 13. O-O-O f5 14. Qc2 Qe6 15. Rhe1 f4 16. d5 Qf7 17. Bc5 Bxc3 18. Qxc3 cxd5 19. Bxe7 Qxe7 20. exd5 Qd7 21. Re4 Kb8 22. Rxf4 Qxh3 23. Rb4 h5 24. Qc6 Qc8 25. Qxa6 b6 26. Qa4 Rd6 27. Re4 Rhd8 28. Re5 Qd7 29. Qe4 Qb5 30. Kb1 Qa5 31. a4 R8d7 32. b3 Rd8 33. Kb2 Qc5 34. Rd2 Qa5 35. Rd4 R8d7 36. Qc2 Rxd5 37. Rexd5 Rxd5 38. b4 Qa8 39. Re4 Rd8 40. a5 bxa5 41. bxa5 Qxa5 42. Qb3+ Kc8 43. Qe6+ Kb7 44. Qb3+ Kc8 45. Qe6+ 1/2-1/2

[Event "Sardinia World Festival-A 2024"]
[Site "Orosei"]
[Date "2024.05.04"]
[Round "9.41"]
[White "Kalosha, Zhiulien Oleksii"]
[Black "Lo Presti, Giulio"]
[Result "0-1"]
[WhiteElo "2306"]
[BlackElo "2106"]
[Annotator "TA"]
[PlyCount "60"]
[EventDate "2024.04.26"]
[EventType "swiss"]
[EventCountry "ITA"]
[SourceTitle "playchess.com"]
[Source "ChessBase"]
[SourceQuality "1"]

1. e4 c5 2. Nf3 d6 3. d4 cxd4 4. Nxd4 Nf6 5. Nc3 a6 6. f3 e5 7. Nb3 Be6 8. Be3 Be7 9. Qd2 Nbd7 10. O-O-O O-O 11. g4 b5 12. g5 b4 13. Ne2 Nh5 14. Ng3 a5 15. Nxh5 a4 16. Nd4 exd4 17. Bxd4 b3 18. cxb3 axb3 19. a3 Rc8+ 20. Bc3 g6 21. Ng3 Bxg5 22. f4 Bf6 23. e5 dxe5 24. Ne4 Bg7 25. Bb5 Nf6 26. Nd6 Rc5 27. fxe5 Nd5 28. Nb7 Qh4 29. Qe2 Bh6+ 30. Kb1 Rxc3 0-1

[Event "Sardinia World Festival-A 2024"]
[Site "Orosei"]
[Date "2024.05.04"]
[Round "9.42"]
[White "Serikbay, Assel"]
[Black "Kanyamarala, Trisha"]
[Result "1/2-1/2"]
[WhiteElo "2152"]
[BlackElo "2285"]
[Annotator "RC"]
[PlyCount "127"]
[EventDate "2024.04.26"]
[EventType "swiss"]
[EventCountry "ITA"]
[SourceTitle "playchess.com"]
[Source "ChessBase"]
[SourceQuality "1"]

1. d4 Nf6 2. c4 e6 3. Nf3 d5 4. Nc3 Bb4 5. Qa4+ Nc6 6. e3 O-O 7. Bd2 dxc4 8. Bxc4 Bd6 9. Qc2 e5 10. dxe5 Nxe5 11. Nxe5 Bxe5 12. O-O-O Qe7 13. Kb1 c6 14. Bd3 h6 15. e4 Ng4 16. Be1 Qc5 17. Na4 Qxc2+ 18. Bxc2 b6 19. h3 Nf6 20. Bc3 Bxc3 21. Nxc3 Be6 22. Rd6 Rfc8 23. f4 Nh5 24. f5 Bc4 25. g4 Nf4 26. Rd4 Ba6 27. e5 Ng2 28. Be4 Ne3 29. Re1 Nc4 30. e6 Rc7 31. Red1 Kf8 32. Rd7 Rac8 33. exf7 Ne5 34. R7d2 Kxf7 35. Bc2 Nc4 36. Rd7+ Ke8 37. R7d4 Kf8 38. Bb3 b5 39. Bxc4 bxc4 40. Rd6 Bb7 41. R1d4 c5 42. Rxc4 Ke7 43. Re6+ Kf7 44. Kc2 Re7 45. Rd6 Re5 46. Ra4 a6 47. Rf4 Rc6 48. Rd7+ Re7 49. Rd8 Rb6 50. Rc4 Rc7 51. a3 Bg2 52. h4 Rcb7 53. Na4 Rb3 54. Rxc5 Be4+ 55. Kd2 Rg3 56. g5 hxg5 57. hxg5 Rxg5 58. b4 Bxf5 59. Re5 Rg2+ 60. Ke3 g6 61. Nc5 Re7 62. Rxe7+ Kxe7 63. Ra8 Rg3+ 64. Kf4 1/2-1/2

[Event "Sardinia World Festival-A 2024"]
[Site "Orosei"]
[Date "2024.05.04"]
[Round "9.43"]
[White "Saine, Zachary"]
[Black "Sbarra, Marco"]
[Result "1-0"]
[WhiteElo "2032"]
[BlackElo "2171"]
[Annotator "NA RC"]
[PlyCount "61"]
[EventDate "2024.04.26"]
[EventType "swiss"]
[EventCountry "ITA"]
[SourceTitle "playchess.com"]
[Source "ChessBase"]
[SourceQuality "1"]

1. e4 c5 2. Nf3 Nc6 3. d4 cxd4 4. Nxd4 e6 5. Nc3 Qc7 6. Ncb5 Qb8 7. Be3 Nf6 8. Bd3 a6 9. Nxc6 dxc6 10. Nc3 b5 11. f4 Bb7 12. e5 Nd7 13. Ne4 c5 14. c3 Bd5 15. Qe2 Qb7 16. Bf2 Qc6 17. O-O c4 18. Bc2 Nc5 19. Rae1 Nd3 20. Bxd3 cxd3 21. Qxd3 Bc4 22. Qf3 Rc8 23. f5 Bxf1 24. fxe6 Qxe6 25. Nd6+ Bxd6 26. exd6 O-O 27. Rxe6 fxe6 28. Qb7 Bc4 29. d7 Rb8 30. Qc7 Bxa2 31. Bc5 1-0

[Event "Sardinia World Festival-A 2024"]
[Site "Orosei"]
[Date "2024.05.04"]
[Round "9.44"]
[White "Benoit, Hugues"]
[Black "Natoli, Alessia"]
[Result "1/2-1/2"]
[WhiteElo "1935"]
[BlackElo "1917"]
[Annotator "NA RC"]
[PlyCount "145"]
[EventDate "2024.04.26"]
[EventType "swiss"]
[EventCountry "ITA"]
[SourceTitle "playchess.com"]
[Source "ChessBase"]
[SourceQuality "1"]

1. e4 c5 2. d4 cxd4 3. c3 dxc3 4. Nxc3 Nc6 5. Nf3 d6 6. Bc4 Nf6 7. e5 d5 8. Bb5 Ne4 9. Nxe4 dxe4 10. Qxd8+ Kxd8 11. Ng5 Ke8 12. Bf4 Bd7 13. O-O-O Nxe5 14. Bxd7+ Nxd7 15. Nxf7 Rg8 16. Ng5 e5 17. Be3 Nf6 18. Kb1 b6 19. Rc1 Bd6 20. Rc4 b5 21. Rc6 Ke7 22. Ra6 h6 23. Rd1 Rgd8 24. Rdxd6 Rxd6 25. Bc5 Rad8 26. Rxa7+ R8d7 27. Rxd7+ Kxd7 28. Bxd6 Kxd6 29. Nh3 Ng4 30. Kc2 Nxh2 31. Kd2 Ng4 32. Ke2 Kd5 33. Ng1 Kd4 34. Nh3 e3 35. f3 Nf6 36. f4 e4 37. f5 Nh5 38. g4 Ng3+ 39. Ke1 e2 40. Nf4 Ke3 41. Nd5+ Kf3 42. b3 Kxg4 43. a4 bxa4 44. bxa4 Nxf5 45. a5 Nd6 46. a6 Nb5 47. Nc3 Na7 48. Nxe4 Kf4 49. Nc3 g5 50. Nxe2+ Kf3 51. Nd4+ Kg2 52. Ne6 g4 53. Nf4+ Kg3 54. Nh5+ Kh4 55. Nf4 Kg5 56. Ne6+ Kf6 57. Nf4 Kf5 58. Nh5 Kg5 59. Ng3 h5 60. Kf2 h4 61. Ne4+ Kf4 62. Nf6 Kf5 63. Nxg4 Kxg4 64. Kg2 h3+ 65. Kh2 Kh4 66. Kh1 Kg3 67. Kg1 Nc6 68. Kh1 Kh4 69. Kh2 Kg4 70. Kg1 Kg3 71. Kh1 Na7 72. Kg1 Nc8 73. Kh1 1/2-1/2

[Event "Sardinia World Festival-A 2024"]
[Site "Orosei"]
[Date "2024.05.04"]
[Round "9.45"]
[White "Maida, Federico"]
[Black "Carfagna, Alex"]
[Result "1-0"]
[WhiteElo "1961"]
[BlackElo "1939"]
[Annotator "NA RC"]
[PlyCount "123"]
[EventDate "2024.04.26"]
[EventType "swiss"]
[EventCountry "ITA"]
[SourceTitle "playchess.com"]
[Source "ChessBase"]
[SourceQuality "1"]

1. d4 Nf6 2. g3 g6 3. Bg2 Bg7 4. Nf3 c5 5. dxc5 Qa5+ 6. Bd2 Qxc5 7. Bc3 Nc6 8. O-O O-O 9. Nbd2 d6 10. Nb3 Qh5 11. Re1 Bh3 12. Bh1 Rac8 13. Nfd4 Bd7 14. Bf3 Bg4 15. Nxc6 bxc6 16. Bg2 Bh3 17. Bh1 c5 18. e4 Qxd1 19. Raxd1 Nd7 20. Bxg7 Kxg7 21. f4 Bg4 22. Rd2 c4 23. Nd4 c3 24. bxc3 Rxc3 25. Rb1 a6 26. Rb7 Rb8 27. Rxb8 Nxb8 28. Rd3 Rc7 29. f5 Nd7 30. Bg2 Ne5 31. Ra3 Rc4 32. c3 a5 33. Kf2 Nd3+ 34. Kg1 Rc8 35. h3 Bd1 36. Bf1 Nc5 37. fxg6 hxg6 38. Rxa5 Nxe4 39. c4 Nd2 40. Ra7 Kf6 41. Bd3 Nxc4 42. a4 Ne5 43. Bb5 Nf3+ 44. Nxf3 Bxf3 45. a5 Ra8 46. Rxa8 Bxa8 47. a6 e5 48. Kf2 d5 49. Ke3 Ke7 50. h4 f5 51. Be2 Kf6 52. Bb5 g5 53. hxg5+ Kxg5 54. Bd7 Kg4 55. Bc8 Kxg3 56. Bb7 f4+ 57. Ke2 Kg2 58. Bxa8 f3+ 59. Ke3 d4+ 60. Kd3 Kg3 61. Bxf3 Kxf3 62. a7 1-0

[Event "Sardinia World Festival-A 2024"]
[Site "Orosei"]
[Date "2024.05.04"]
[Round "9.46"]
[White "Knors, Rudi"]
[Black "Simonelli, Mattia"]
[Result "1/2-1/2"]
[WhiteElo "1992"]
[BlackElo "1919"]
[Annotator "NA RC"]
[PlyCount "79"]
[EventDate "2024.04.26"]
[EventType "swiss"]
[EventCountry "ITA"]
[SourceTitle "playchess.com"]
[Source "ChessBase"]
[SourceQuality "1"]

1. e4 c6 2. d4 d5 3. exd5 cxd5 4. Bd3 Nc6 5. c3 Nf6 6. Bf4 Bg4 7. Qb3 Qc8 8. Nd2 e6 9. Ngf3 Be7 10. O-O O-O 11. Rfe1 Bh5 12. Ne5 Bg6 13. Nxg6 hxg6 14. h3 a6 15. Nf3 b5 16. a4 Na5 17. Qd1 Qb7 18. axb5 axb5 19. Qe2 b4 20. Ne5 Nc6 21. Nf3 Rxa1 22. Rxa1 Nh5 23. Bh2 Ra8 24. Qe1 g5 25. g4 Nf4 26. Bxf4 gxf4 27. Kg2 Rxa1 28. Qxa1 Qa7 29. Qc1 Qb8 30. Qe1 bxc3 31. bxc3 Qb2 32. Qd2 Qxd2 33. Nxd2 e5 34. Bb5 exd4 35. Bxc6 dxc3 36. Nb3 c2 37. Bxd5 Ba3 38. Kf3 c1=Q 39. Nxc1 Bxc1 40. Ke4 1/2-1/2

[Event "Sardinia World Festival-A 2024"]
[Site "Orosei"]
[Date "2024.05.04"]
[Round "9.47"]
[White "Dimitrov, Dejan"]
[Black "Botez, Alexandra"]
[Result "0-1"]
[WhiteElo "1998"]
[BlackElo "1970"]
[Annotator "NA RC"]
[PlyCount "131"]
[EventDate "2024.04.26"]
[EventType "swiss"]
[EventCountry "ITA"]
[SourceTitle "playchess.com"]
[Source "ChessBase"]
[SourceQuality "1"]

1. Nf3 Nf6 2. g3 g6 3. Bg2 Bg7 4. O-O O-O 5. d3 d6 6. e4 c5 7. c3 Nc6 8. Re1 e5 9. Nbd2 Ne8 10. Nf1 Nc7 11. Nh4 b5 12. Ne3 a5 13. a4 b4 14. Bf3 h5 15. Nhg2 bxc3 16. bxc3 Rb8 17. Ba3 Be6 18. Qd2 Qd7 19. Reb1 Ne7 20. Bd1 Qc6 21. Rb2 Qa8 22. Rab1 Rfd8 23. Rb6 Rxb6 24. Rxb6 Nc8 25. Rb1 c4 26. dxc4 Qxe4 27. Bc2 Qc6 28. Rb8 Bf6 29. Qe2 Nb6 30. Rxd8+ Bxd8 31. Qd3 Be7 32. f4 Bxc4 33. Qe4 Qxe4 34. Bxe4 Bf8 35. Nxc4 Nxc4 36. Bc1 d5 37. Bc2 Bc5+ 38. Kf1 e4 39. Ke2 Na8 40. Bb3 Nab6 41. f5 Kg7 42. fxg6 fxg6 43. Nf4 Bd6 44. Nxd5 Nxd5 45. Bxc4 Nxc3+ 46. Ke3 Bc5+ 47. Kf4 Kf6 48. g4 g5+ 49. Kg3 h4+ 50. Kg2 Nxa4 51. Bb3 Nc3 52. Bb2 Bd4 53. Bc2 Ke5 54. Bc1 Nd5 55. Bxg5 Ne3+ 56. Bxe3 Bxe3 57. h3 Kd4 58. Kf1 Bg5 59. Ke2 e3 60. Ba4 Ke4 61. Kf1 Kf3 62. Bd1+ Kg3 63. Kg1 a4 64. Kh1 Kf2 65. Kh2 e2 66. Kh1 0-1

[Event "Sardinia World Festival-A 2024"]
[Site "Orosei"]
[Date "2024.05.04"]
[Round "9.48"]
[White "Wang, Shanshan"]
[Black "Botez, Andrea"]
[Result "1/2-1/2"]
[WhiteElo "1966"]
[BlackElo "1879"]
[Annotator "NA RC"]
[PlyCount "147"]
[EventDate "2024.04.26"]
[EventType "swiss"]
[EventCountry "ITA"]
[SourceTitle "playchess.com"]
[Source "ChessBase"]
[SourceQuality "1"]

1. e4 c5 2. d4 cxd4 3. c3 dxc3 4. Nxc3 Nc6 5. Nf3 e6 6. Bf4 Bb4 7. Qb3 Nge7 8. Be2 d5 9. O-O O-O 10. Rfd1 Bxc3 11. bxc3 Qa5 12. exd5 Nxd5 13. Bd2 Qc7 14. c4 Nf4 15. Bf1 e5 16. Qe3 f6 17. Bc3 Bg4 18. h3 Be6 19. Nd2 Rfd8 20. Ne4 b6 21. h4 Ne7 22. g3 Nf5 23. Qf3 Ng6 24. h5 Nf8 25. a4 Nh6 26. Rxd8 Rxd8 27. Re1 Qf7 28. a5 Bg4 29. Qe3 Nf5 30. Qc1 Nd4 31. Bxd4 Rxd4 32. h6 Bf3 33. hxg7 Kxg7 34. Bg2 Bxg2 35. Kxg2 Qxc4 36. Qxc4 Rxc4 37. Nd6 Rc6 38. Nf5+ Kf7 39. a6 b5 40. Rb1 Rxa6 41. Rxb5 Rb6 42. Rc5 Ke6 43. Ng7+ Kd7 44. Rd5+ Rd6 45. Rb5 Kc6 46. Rb8 Ne6 47. Nf5 Rd7 48. Rc8+ Kb7 49. Rc1 a5 50. Ne3 Rd4 51. Rh1 Ng5 52. Rh6 Ne4 53. Kf3 a4 54. Rxh7+ Ka6 55. Rh4 Ng5+ 56. Ke2 Kb5 57. Nc2 Rxh4 58. gxh4 Ne6 59. Kd3 Nf4+ 60. Kc3 Kc5 61. f3 f5 62. Kd2 e4 63. fxe4 fxe4 64. Ke3 Ng2+ 65. Kxe4 Nxh4 66. Kd3 Nf5 67. Kc3 Nd6 68. Ne3 Nb5+ 69. Kb2 Kd4 70. Nc2+ Kd3 71. Na3 Nd6 72. Nb1 Nc4+ 73. Ka2 Kc2 74. Na3+ 1/2-1/2